Welcome to Library at HSMSS

Java (Record no. 111)

MARC details
000 -LEADER
fixed length control field 00371nam a22001457a 4500
003 - CONTROL NUMBER IDENTIFIER
control field OSt
005 - DATE AND TIME OF LATEST TRANSACTION
control field 20240605123923.0
008 - FIXED-LENGTH DATA ELEMENTS--GENERAL INFORMATION
fixed length control field 201018b ||||| |||| 00| 0 eng d
020 ## - INTERNATIONAL STANDARD BOOK NUMBER
International Standard Book Number 0070413029
040 ## - CATALOGING SOURCE
Transcribing agency Tata McGraw-Hill Publishing Company Limited
082 ## - DEWEY DECIMAL CLASSIFICATION NUMBER
Classification number 005.133
245 ## - TITLE STATEMENT
Title Java
Remainder of title Sun Certified Programmer for Java 2
300 ## - PHYSICAL DESCRIPTION
Extent 625 pages
942 ## - ADDED ENTRY ELEMENTS (KOHA)
Source of classification or shelving scheme Dewey Decimal Classification
Koha item type BK
Holdings
Withdrawn status Lost status Source of classification or shelving scheme Damaged status Not for loan Home library Current library Date acquired Inventory number Total Checkouts Full call number Barcode Date last seen Price effective from Koha item type
    Dewey Decimal Classification     Hetauda School of Management and Social Sciences Hetauda School of Management and Social Sciences 10/18/2020 G192   005.133 Tat 2000 G192 10/18/2020 10/18/2020 BK